[Event "28th WSCC2018 - Open 65+"]
[Site "Bled"]
[Date "2018.11.22"]
[Round "5.57"]
[White "Giulian, Philip M"]
[Black "Jaksa, Cvetko"]
[Result "1-0"]
[WhiteElo "2179"]
[BlackElo "1897"]
[PlyCount "75"]
[EventDate "2018.11.18"]

1. Nf3 e6 2. c4 b6 3. g3 Bb7 4. Bg2 Nf6 5. O-O Be7 6. b3 O-O 7. Nc3 c5 8. d4 d6
9. dxc5 bxc5 10. Qc2 Nc6 11. Rd1 Qb6 12. Bb2 h6 13. e3 Rab8 14. Rd2 Nb4 15. Qd1
Rfd8 16. Rc1 Bc6 17. Qe2 Ne8 18. e4 e5 19. Ba1 Na6 20. h4 Nac7 21. Rb1 Qb7 22.
Bh3 g6 23. Qe3 Kh7 24. Nh2 Bf8 25. f4 h5 26. Nf3 f6 27. Rf2 Bh6 28. Nd2 Ng7 29.
Qd3 Nce6 30. Nd5 Bxd5 31. exd5 Nd4 32. fxe5 fxe5 33. Rbf1 Ndf5 34. Rf3 Bxd2 35.
Qxd2 e4 36. Rxf5 gxf5 37. Bxf5+ Kg8 38. Qh6 1-0

[Event "28th WSCC2018 - Open 65+"]
[Site "Bled"]
[Date "2018.11.22"]
[Round "5.58"]
[White "Marshall, Michael"]
[Black "Vinke, Dietmar"]
[Result "1/2-1/2"]
[WhiteElo "1916"]
[BlackElo "2163"]
[PlyCount "40"]
[EventDate "2018.11.18"]

1. c4 Nf6 2. g3 g6 3. Nc3 Bg7 4. Bg2 O-O 5. e4 d6 6. Nge2 e5 7. d3 Be6 8. O-O
Qd7 9. b4 Bh3 10. Be3 Bxg2 11. Kxg2 Ng4 12. Bd2 f5 13. f3 Nf6 14. Rh1 Nc6 15.
Nd5 Nh5 16. Qc1 Nd8 17. b5 Ne6 18. Be3 c6 19. bxc6 bxc6 20. Ndc3 Nd4 1/2-1/2

[Event "28th WSCC2018 - Open 65+"]
[Site "Bled"]
[Date "2018.11.22"]
[Round "5.59"]
[White "Biller, Helmut"]
[Black "Zybura, Andre"]
[Result "1-0"]
[WhiteElo "2035"]
[BlackElo "1863"]
[Annotator "uporabnik"]
[PlyCount "42"]
[EventDate "2018.11.18"]

1. d4 Nf6 2. Nf3 e6 3. e3 c5 4. Bd3 b6 5. Nbd2 Nc6 6. a3 Bb7 7. b3 d6 8. Bb2
Be7 9. O-O O-O 10. c4 cxd4 11. exd4 d5 12. Qe2 Rc8 13. Rac1 Ba6 14. c5 Bb7 15.
b4 bxc5 16. dxc5 e5 17. Bf5 e4 18. Nd4 Qc7 19. g3 Nxd4 20. Bxd4 Rce8 21. Bxf6
Bxf6 {...35} 1-0

[Event "28th WSCC2018 - Open 65+"]
[Site "Bled"]
[Date "2018.11.22"]
[Round "5.60"]
[White "Skok, Joze"]
[Black "Gromark, Per-Olof"]
[Result "1/2-1/2"]
[WhiteElo "2004"]
[BlackElo "1862"]
[PlyCount "45"]
[EventDate "2018.11.18"]

1. e4 c5 2. c3 Nf6 3. e5 Nd5 4. Nf3 e6 5. Bc4 d6 6. exd6 Bxd6 7. O-O O-O 8. d4
cxd4 9. cxd4 b6 10. Nc3 Nxc3 11. bxc3 Bb7 12. Bd3 h6 13. Re1 Nd7 14. Bd2 Qc7
15. Be4 Nf6 16. Bxb7 Qxb7 17. Ne5 Bxe5 18. Rxe5 Rfd8 19. Qe2 Rac8 20. Re1 Qc6
21. Qa6 Rc7 22. h3 Rd5 23. Qa3 1/2-1/2

[Event "28th WSCC2018 - Open 65+"]
[Site "Bled"]
[Date "2018.11.22"]
[Round "5.61"]
[White "Bjorgvik, Jan Arne"]
[Black "Valenti, Giuseppe"]
[Result "0-1"]
[WhiteElo "1777"]
[BlackElo "2003"]
[Annotator "uporabnik"]
[PlyCount "101"]
[EventDate "2018.11.18"]

1. e4 c5 2. Nf3 e6 3. c4 d6 4. Nc3 Nf6 5. d4 cxd4 6. Nxd4 a6 7. Be2 Be7 8. O-O
Qc7 9. Be3 Nbd7 10. f3 b6 11. Rc1 Bb7 12. b3 Rc8 13. Qd2 O-O 14. Bd3 Qb8 15.
Bb1 Rfe8 16. Rfd1 Bd8 17. Nde2 Bc7 18. Bf4 Ne5 19. Bg3 Nh5 20. Bf2 g6 21. Ng3
Nf6 22. Qh6 Ba8 23. h4 b5 24. cxb5 axb5 25. h5 d5 26. Qg5 Bd8 27. hxg6 hxg6 28.
Qh6 Nfg4 29. fxg4 Nxg4 30. Qd2 Nxf2 31. Kxf2 Bb6+ 32. Kf3 Qe5 33. Nge2 dxe4+
34. Bxe4 b4 35. Qd6 Qf5+ 36. Qf4 Qh5+ 37. g4 Qh3+ 38. Qg3 Qxg3+ 39. Kxg3 bxc3
40. Bxa8 c2 41. Rd3 Rxa8 42. Rxc2 e5 43. a4 e4 44. Rd6 Be3 45. Rc4 Bg5 46. Rdd4
Reb8 47. Rb4 Be7 48. Rb5 Rxb5 49. axb5 Ra3 50. Rxe4 Rxb3+ 51. Kg2 {....} 0-1

[Event "28th WSCC2018 - Open 65+"]
[Site "Bled"]
[Date "2018.11.22"]
[Round "5.62"]
[White "Svensson, Soren"]
[Black "Frey, Armin"]
[Result "1-0"]
[WhiteElo "1987"]
[BlackElo "1859"]
[PlyCount "81"]
[EventDate "2018.11.18"]

1. d4 f5 2. e4 fxe4 3. Nc3 d5 4. Qh5+ g6 5. Qxd5 Nf6 6. Qb3 Nc6 7. d5 Na5 8.
Qa4+ c6 9. b4 Bg7 10. Bd2 O-O 11. O-O-O cxd5 12. Qxa5 b6 13. Qa3 Ng4 14. Nh3 a5
15. b5 Be6 16. Bg5 Qd6 17. Qxd6 exd6 18. Ne2 Ne5 19. Nhf4 Bg4 20. Rxd5 Nc4 21.
h3 Bd7 22. Nd4 Rac8 23. Nde6 Bxe6 24. Nxe6 Rxf2 25. Bxc4 Rxc4 26. Rd2 Rf5 27.
Be3 Rxb5 28. Nxg7 Kxg7 29. Rxd6 Ra4 30. Rxb6 Rf5 31. Rd1 Rf7 32. Kb2 Re7 33.
Bc5 Rc7 34. Kb3 Rxc5 35. Kxa4 Rxc2 36. g4 Rxa2+ 37. Kb3 Rh2 38. g5 Rxh3+ 39.
Ka4 Rf3 40. Rd7+ Rf7 41. Rbb7 1-0

[Event "28th WSCC2018 - Open 65+"]
[Site "Bled"]
[Date "2018.11.22"]
[Round "5.63"]
[White "Florjancic, Rudolf"]
[Black "Keogh, Eamon"]
[Result "1-0"]
[WhiteElo "1761"]
[BlackElo "1982"]
[PlyCount "71"]
[EventDate "2018.11.18"]

1. Nf3 f5 2. g3 Nf6 3. Bg2 Nc6 4. d4 e6 5. c4 Bb4+ 6. Bd2 Bxd2+ 7. Nbxd2 O-O 8.
O-O Qe8 9. e3 d6 10. a3 e5 11. dxe5 dxe5 12. b4 e4 13. Nd4 Nxd4 14. exd4 Be6
15. d5 Bf7 16. Re1 Rd8 17. Qc2 c6 18. dxc6 Qxc6 19. Rac1 Bg6 20. c5 Kh8 21. Nc4
Qe6 22. Qc3 Rd5 23. Bf1 f4 24. gxf4 Nh5 25. Ne3 Nxf4 26. Nxd5 Qxd5 27. Rcd1 Nd3
28. Qd2 Qf5 29. Qe3 Nxf2 30. Rd2 Ng4 31. Qg3 e3 32. Rde2 h5 33. Rxe3 Nxe3 34.
Qxe3 Qc2 35. Bg2 Re8 36. Qxe8+ 1-0

[Event "28th WSCC2018 - Open 65+"]
[Site "Bled"]
[Date "2018.11.22"]
[Round "5.64"]
[White "Sciupokas, Arunas"]
[Black "Patola, Eero"]
[Result "1-0"]
[WhiteElo "1981"]
[BlackElo "1838"]
[PlyCount "83"]
[EventDate "2018.11.18"]

1. e4 c5 2. Nf3 e6 3. c3 d5 4. exd5 exd5 5. Bb5+ Bd7 6. Bxd7+ Nxd7 7. O-O Bd6
8. d4 c4 9. b3 Nb6 10. Na3 Qd7 11. Ne5 Bxe5 12. dxe5 Ne7 13. bxc4 Nxc4 14. Nxc4
dxc4 15. Ba3 Qxd1 16. Raxd1 Nc6 17. Rd5 Rd8 18. Rfd1 h5 19. f4 Rh6 20. Rxd8+
Nxd8 21. Bd6 Nc6 22. Kf2 f5 23. exf6 Rxf6 24. g3 b5 25. Re1+ Kd7 26. Be5 Rf7
27. Rd1+ Kc8 28. Rd5 a6 29. Ke3 g6 30. Rd6 Ne7 31. Rxa6 Kb7 32. Re6 b4 33. cxb4
Nd5+ 34. Kd4 Nxb4 35. Kxc4 Nxa2 36. Rxg6 Nc1 37. Rg7 Rxg7 38. Bxg7 Kc6 39. Bf8
Ne2 40. Kd3 Ng1 41. Ke4 Kd7 42. Bc5 1-0

[Event "28th WSCC2018 - Open 65+"]
[Site "Bled"]
[Date "2018.11.22"]
[Round "5.65"]
[White "Diaz Franco, Francisco Jorge"]
[Black "Bobbia, Mario"]
[Result "1/2-1/2"]
[WhiteElo "1960"]
[BlackElo "1790"]
[PlyCount "34"]
[EventDate "2018.11.18"]

1. Nf3 Nf6 2. d4 g6 3. g3 Bg7 4. Bg2 O-O 5. Rf1 c6 6. b3 d5 7. Bb2 Nbd7 8. Nbd2
Nb6 9. Ne5 Bf5 10. c4 Ne4 11. f3 Nxd2 12. Qxd2 dxc4 13. Nxc4 e5 14. e4 Be6 15.
dxe5 Bxc4 16. Qxd8 Rfxd8 17. bxc4 Nxc4 1/2-1/2

[Event "28th WSCC2018 - Open 65+"]
[Site "Bled"]
[Date "2018.11.22"]
[Round "5.66"]
[White "Batakovs, Olegs"]
[Black "Brouwer, Willem"]
[Result "1/2-1/2"]
[WhiteElo "1945"]
[BlackElo "1608"]
[PlyCount "74"]
[EventDate "2018.11.18"]

1. e4 e5 2. Nf3 Nc6 3. Bb5 a6 4. Ba4 Nf6 5. O-O b5 6. Bb3 Be7 7. Re1 d6 8. c3
Na5 9. Bc2 c5 10. h3 O-O 11. d4 Qc7 12. Nbd2 cxd4 13. cxd4 Nc6 14. d5 Nb4 15.
Bb1 a5 16. Nf1 Bd7 17. Bd3 Rfc8 18. Re2 a4 19. a3 Na6 20. Be3 Qb7 21. Rc1 Rxc1
22. Qxc1 Rc8 23. Rc2 Rxc2 24. Qxc2 Bd8 25. Qe2 Ba5 26. N3d2 Nc7 27. b4 Bb6 28.
Kh2 Qa7 29. Bxb6 Qxb6 30. g3 Kf8 31. Kg2 h6 32. Nb1 Ng8 33. Nc3 g6 34. Qe3 Qxe3
35. fxe3 Kg7 36. g4 f6 37. Kg3 Ne7 1/2-1/2

[Event "28th WSCC2018 - Open 65+"]
[Site "Bled"]
[Date "2018.11.22"]
[Round "5.67"]
[White "Benggawan, Undriadi"]
[Black "Muratoglu, Salih"]
[Result "1/2-1/2"]
[WhiteElo "1594"]
[BlackElo "1942"]
[Annotator "uporabnik"]
[PlyCount "51"]
[EventDate "2018.11.18"]

1. d4 Nf6 2. Bf4 g6 3. Nc3 Bg7 4. e4 d6 5. h4 Nc6 6. Nf3 Bg4 7. Qd2 a6 8. O-O-O
O-O 9. Qe3 Nh5 10. Bh6 e5 11. Bxg7 Kxg7 12. dxe5 Nxe5 13. Be2 Bxf3 14. gxf3 b5
15. f4 Nc4 16. Qd4+ Qf6 17. Bxh5 Qxd4 18. Rxd4 gxh5 19. Rg1+ Kh8 20. Rd5 c6 21.
Rxh5 Rae8 22. b3 b4 23. Nd1 Nb6 24. f3 d5 25. Nf2 f6 26. Rh6 {....} 1/2-1/2

[Event "28th WSCC2018 - Open 65+"]
[Site "Bled"]
[Date "2018.11.22"]
[Round "5.68"]
[White "Choong, Liong-On Mark"]
[Black "Lie, Terje"]
[Result "1-0"]
[WhiteElo "1932"]
[BlackElo "1534"]
[PlyCount "71"]
[EventDate "2018.11.18"]

1. c4 e6 2. g3 Nf6 3. Bg2 d5 4. Nf3 c5 5. O-O Nc6 6. e3 Be7 7. b3 d4 8. exd4
cxd4 9. Re1 O-O 10. d3 Bc5 11. Na3 Re8 12. Nc2 e5 13. Bb2 Bg4 14. a3 a5 15. h3
Bh5 16. g4 Bg6 17. Nh4 Qc7 18. Nxg6 hxg6 19. Qd2 Nd7 20. b4 axb4 21. Nxb4 Nxb4
22. axb4 Rxa1 23. Rxa1 Be7 24. Ra7 Rb8 25. c5 Qc8 26. Qe1 Bh4 27. Qe4 Bf6 28.
Rxb7 Nf8 29. Rxb8 Qxb8 30. Qb7 Qe8 31. c6 Ne6 32. c7 Qa4 33. c8=Q+ Kh7 34. Qbb8
Qd1+ 35. Kh2 g5 36. Qh8+ 1-0

[Event "28th WSCC2018 - Open 65+"]
[Site "Bled"]
[Date "2018.11.22"]
[Round "5.69"]
[White "Bhopal, Raj"]
[Black "Ostrowski, Michal"]
[Result "1-0"]
[WhiteElo "1929"]
[BlackElo "1187"]
[PlyCount "111"]
[EventDate "2018.11.18"]

1. e4 Nc6 2. Nf3 e5 3. Bb5 d6 4. O-O Bd7 5. c3 Nf6 6. Qe2 g6 7. d4 a6 8. Bc4
Bg7 9. Re1 O-O 10. Bb3 Na5 11. dxe5 Nxb3 12. axb3 dxe5 13. Nxe5 Re8 14. Nxd7
Nxd7 15. Qg4 Re7 16. Be3 Qe8 17. Qh3 Nf6 18. f3 Qb5 19. Nd2 c5 20. Qg3 Qc6 21.
Qf2 Rc8 22. Nf1 Qb5 23. Qc2 c4 24. b4 Qc6 25. Bg5 Re6 26. Ne3 Re5 27. Bf4 Re6
28. Nd5 Nd7 29. Qf2 Ne5 30. Bxe5 Rxe5 31. Ra5 b5 32. Rea1 Rxd5 33. exd5 Qxd5
34. Rxa6 Bh6 35. Re1 Qb7 36. Rd6 Qc7 37. Qb6 Qxb6+ 38. Rxb6 Bd2 39. Re2 Bf4 40.
g3 Bc1 41. Rxb5 Rd8 42. Rc5 Rd1+ 43. Kg2 Rd3 44. Rxc4 Be3 45. f4 Bb6 46. Rc6
Be3 47. b5 h5 48. b6 Kg7 49. Rxe3 Rxe3 50. Kf2 Rd3 51. Ke2 Rd5 52. c4 g5 53.
cxd5 gxf4 54. gxf4 f6 55. b7 h4 56. b8=Q 1-0

[Event "28th WSCC2018 - Open 65+"]
[Site "Bled"]
[Date "2018.11.22"]
[Round "5.70"]
[White "Toefferl, Heimo"]
[Black "Rubinstein, Mark"]
[Result "1-0"]
[WhiteElo "2082"]
[BlackElo "1831"]
[PlyCount "113"]
[EventDate "2018.11.18"]

1. d4 d5 2. c4 c6 3. Nf3 a6 4. a4 Nf6 5. Nc3 Bf5 6. e3 Nbd7 7. cxd5 cxd5 8. Be2
e6 9. O-O Bd6 10. h3 O-O 11. g4 Bg6 12. Nh4 Ne4 13. Nxg6 Nxc3 14. bxc3 hxg6 15.
Ba3 Qe7 16. Bxd6 Qxd6 17. Rb1 b6 18. f4 Rfc8 19. Qb3 a5 20. Kg2 Rab8 21. Rbc1
Rc7 22. Rc2 Nf6 23. Bd3 Rbc8 24. Rfc1 Kf8 25. Rb1 Rb8 26. Qb2 Qc6 27. Qa3+ Kg8
28. Qc1 Rbc8 29. Qa3 Qb7 30. Rb3 Rc6 31. Qc1 Qc7 32. Bb5 Rd6 33. Bd3 Rc6 34.
Kg1 Ne8 35. Ba6 Ra8 36. Bb5 Rd6 37. c4 Qd8 38. c5 bxc5 39. dxc5 Rda6 40. Bxa6
Rxa6 41. Qb2 Ra8 42. Rb7 Kh7 43. Rxf7 Qh4 44. Kg2 Nf6 45. Rc1 Rb8 46. Qf2 Qxf2+
47. Kxf2 Ne4+ 48. Kg1 Rb2 49. f5 exf5 50. gxf5 Ng3 51. fxg6+ Kxg6 52. Rf2 Rxf2
53. Kxf2 Ne4+ 54. Ke2 Kf6 55. c6 Nd6 56. c7 Nc8 57. Rc6+ 1-0

[Event "28th WSCC2018 - Open 65+"]
[Site "Bled"]
[Date "2018.11.22"]
[Round "5.71"]
[White "Freeke, Kees"]
[Black "Krstic, Slobodan"]
[Result "0-1"]
[WhiteElo "1750"]
[BlackElo "1993"]
[PlyCount "102"]
[EventDate "2018.11.18"]

1. e4 e6 2. d4 d5 3. Nc3 Be7 4. exd5 exd5 5. Nf3 Nf6 6. Be2 O-O 7. O-O c6 8.
Bf4 Nbd7 9. Ne5 Nxe5 10. Bxe5 Bf5 11. a3 b5 12. Bf3 a5 13. Ne2 Qd7 14. c3 Rfe8
15. Ng3 Bg6 16. b4 Qb7 17. Qb3 Nd7 18. Rfe1 Nb6 19. Be2 Bf8 20. Bf1 h5 21. Nh1
Bf5 22. Bf4 Qd7 23. f3 Be7 24. Bd2 h4 25. Nf2 Qc7 26. f4 axb4 27. axb4 Rxa1 28.
Rxa1 Bd6 29. g3 hxg3 30. hxg3 g6 31. Qd1 Kg7 32. g4 Be4 33. Qc1 f5 34. g5 Na4
35. Be3 Rh8 36. Nxe4 fxe4 37. Ra2 Rh4 38. Rf2 Qb8 39. Qd2 Qh8 40. Rh2 Rxh2 41.
Qxh2 Qxh2+ 42. Kxh2 Nxc3 43. Bh3 Nd1 44. Bd2 e3 45. Bxe3 Nxe3 46. Bd7 Bxf4+ 47.
Kg1 Nc2 48. Bxc6 Nxb4 49. Bxb5 Bxg5 50. Kf2 Kf6 51. Ke2 Ke7 0-1

[Event "28th WSCC2018 - Open 65+"]
[Site "Bled"]
[Date "2018.11.22"]
[Round "5.72"]
[White "Zharokov, Biket"]
[Black "Andreas, Guenter"]
[Result "0-1"]
[WhiteElo "1629"]
[BlackElo "1967"]
[PlyCount "74"]
[EventDate "2018.11.18"]

1. d4 Nf6 2. Nf3 e6 3. Bg5 d5 4. e3 h6 5. Bh4 Be7 6. Bd3 O-O 7. Nbd2 c5 8. c3
cxd4 9. exd4 b6 10. O-O Ba6 11. Qe2 Bxd3 12. Qxd3 Nc6 13. Rfe1 Nh5 14. Bxe7
Nxe7 15. Ne5 Nf4 16. Qe3 Nfg6 17. g4 Nxe5 18. Qxe5 Ng6 19. Qg3 Qf6 20. Nf3 Rfe8
21. Ne5 Rad8 22. Re3 Nf4 23. h4 g5 24. hxg5 hxg5 25. f3 Kg7 26. Ree1 Rh8 27.
Kf2 Rh3 28. Qg1 Nd3+ 29. Ke3 Nxe1 30. Rxe1 Qf4+ 31. Kd3 Rdh8 32. Qe3 Rh2 33.
Nc6 Rxb2 34. Nxa7 Rhh2 35. Rd1 Rhf2 36. Qe5+ f6 37. Qe3 Rxf3 0-1

[Event "28th WSCC2018 - Open 65+"]
[Site "Bled"]
[Date "2018.11.22"]
[Round "5.73"]
[White "Webster, Jim J"]
[Black "Gibbons, Robert"]
[Result "1/2-1/2"]
[WhiteElo "1730"]
[BlackElo "1914"]
[PlyCount "43"]
[EventDate "2018.11.18"]

1. d4 d5 2. c4 e6 3. Nc3 Nf6 4. cxd5 exd5 5. Bg5 Be7 6. Qc2 h6 7. Bxf6 Bxf6 8.
e3 O-O 9. Bd3 c6 10. Nge2 Be7 11. O-O Nd7 12. Rad1 Nf6 13. f3 Be6 14. Rde1 Rc8
15. Nf4 Qd7 16. Nxe6 fxe6 17. Qe2 Rcd8 18. f4 Bb4 19. Rc1 Bxc3 20. bxc3 b5 21.
Qc2 Qd6 22. Rce1 1/2-1/2

[Event "28th WSCC2018 - Open 65+"]
[Site "Bled"]
[Date "2018.11.22"]
[Round "5.74"]
[White "Herbrechtsmeier, Christof"]
[Black "Ilic, Slobodan S"]
[Result "1/2-1/2"]
[WhiteElo "2247"]
[BlackElo "2026"]
[PlyCount "51"]
[EventDate "2018.11.18"]

1. d4 g6 2. e4 Bg7 3. Nc3 d6 4. Bc4 c6 5. Be3 Nf6 6. f3 Qc7 7. a4 a5 8. Qd2 Na6
9. Bb3 Nb4 10. Nge2 e5 11. dxe5 dxe5 12. Bc5 Bf8 13. Bxf8 Rxf8 14. O-O-O Qe7
15. Qe3 Nd7 16. Rd2 Nc5 17. Bc4 b6 18. Rhd1 Ba6 19. Bxa6 Nbxa6 20. Kb1 f6 21.
Qh6 Rf7 22. h4 Qf8 23. Qe3 Rd7 24. Rxd7 Nxd7 25. Qd3 Nac5 26. Qd6 1/2-1/2

[Event "28th WSCC2018 - Open 65+"]
[Site "Bled"]
[Date "2018.11.22"]
[Round "5.75"]
[White "Pressl, Harald"]
[Black "Cordioli, Jairo Ribeiro"]
[Result "0-1"]
[WhiteElo "1892"]
[BlackElo "1804"]
[PlyCount "43"]
[EventDate "2018.11.18"]

1. c4 Nf6 2. g3 c5 3. Bg2 Nc6 4. Nc3 e6 5. e4 d6 6. Nge2 g6 7. d3 Bg7 8. O-O
O-O 9. h3 Rb8 10. a3 a6 11. b4 cxb4 12. axb4 Nxb4 13. Rb1 Nc6 14. Be3 e5 15.
Nd5 Nxd5 16. cxd5 Nd4 17. f4 b5 18. fxe5 Nxe2+ 19. Qxe2 Bxe5 20. Bf4 Rb7 21.
Qd2 Re8 22. Rfe1 0-1

[Event "28th WSCC2018 - Open 65+"]
[Site "Bled"]
[Date "2018.11.22"]
[Round "5.76"]
[White "Thjomoe, Hans Richard"]
[Black "Wibe, Per H"]
[Result "0-1"]
[WhiteElo "1874"]
[BlackElo "1752"]
[PlyCount "116"]
[EventDate "2018.11.18"]

1. e4 c5 2. Nc3 d6 3. f4 Nc6 4. Nf3 e6 5. Bb5 Bd7 6. Bc4 Be7 7. O-O a6 8. d3 b5
9. Bb3 Qb6 10. Kh1 Na5 11. Qe1 Nxb3 12. axb3 Bc6 13. Be3 Qb7 14. Qg3 g6 15. Ng5
Bxg5 16. fxg5 O-O-O 17. Qf2 Rf8 18. d4 cxd4 19. Bxd4 e5 20. Bxe5 dxe5 21. Qc5
Ne7 22. Nd5 Kb8 23. Qxe7 Qxe7 24. Nxe7 Bxe4 25. Rxa6 Kb7 26. Raf6 Bxc2 27. Nc6
Bd3 28. Ra1 e4 29. Ne5 Ra8 30. Rxf7+ Kb6 31. Rc1 Rac8 32. Nd7+ Ka5 33. Rd1 Kb4
34. Ne5 Bc2 35. Re1 Kxb3 36. Ng4 Kxb2 37. Rf2 Kb3 38. Nf6 Rcd8 39. Rfe2 Rd4 40.
Nxe4 Bxe4 41. Rxe4 Rxe4 42. Rxe4 Rc8 43. Kg1 Rc7 44. h4 b4 45. h5 gxh5 46. Rh4
Ka3 47. Rxh5 b3 48. Rh6 Ra7 49. g6 hxg6 50. Rxg6 b2 51. Rb6 Ka2 52. Kf2 b1=Q
53. Rxb1 Kxb1 54. Kf3 Kc2 55. g3 Kd3 56. Kf4 Kd4 57. Kf5 Ke3 58. g4 Ra5+ 0-1

[Event "28th WSCC2018 - Open 65+"]
[Site "Bled"]
[Date "2018.11.22"]
[Round "5.77"]
[White "Vlajkov, Milenko"]
[Black "Rogovin, Arkadi"]
[Result "1-0"]
[WhiteElo "1530"]
[BlackElo "1867"]
[Annotator "uporabnik"]
[PlyCount "53"]
[EventDate "2018.11.18"]

1. e4 c5 2. f4 Nc6 3. Nf3 e6 4. c3 g6 5. Bb5 a6 6. Bxc6 bxc6 7. O-O Bg7 8. e5
Ne7 9. d4 cxd4 10. cxd4 O-O 11. Nc3 d5 12. b3 f6 13. Ba3 Re8 14. g4 f5 15. g5
a5 16. Rc1 Ba6 17. Rf2 Bb5 18. h4 Qd7 19. Rh2 Kf7 20. Bc5 Ng8 21. h5 Qb7 22. h6
Bf8 23. Nxb5 cxb5 24. Rhc2 Rac8 25. Bxf8 Kxf8 26. Rc5 Rxc5 27. dxc5 {...} 1-0

[Event "28th WSCC2018 - Open 65+"]
[Site "Bled"]
[Date "2018.11.22"]
[Round "5.78"]
[White "Bergen, Klaus"]
[Black "Zilbershtein, Victor"]
[Result "0-1"]
[WhiteElo "1858"]
[BlackElo "1717"]
[PlyCount "98"]
[EventDate "2018.11.18"]

1. e4 g6 2. d4 Bg7 3. Nc3 d6 4. f4 Nd7 5. Nf3 Nh6 6. Bd3 c5 7. d5 O-O 8. O-O
Nb6 9. h3 Kh8 10. a4 f5 11. a5 c4 12. Be2 Nd7 13. e5 Qc7 14. Be3 dxe5 15. Nb5
Qd8 16. fxe5 f4 17. Bd4 Nf5 18. Bxc4 a6 19. Nc3 Qc7 20. Bb3 Nxd4 21. Qxd4 Nxe5
22. Nxe5 Bxe5 23. Qd3 Bf5 24. Qf3 Qc5+ 25. Kh1 Rab8 26. Ne4 Bxe4 27. Qxe4 Bxb2
28. Rae1 Bf6 29. Rxf4 Qxa5 30. Ref1 Qc7 31. Qe6 Kg7 32. Bc4 Qd6 33. Qe4 b5 34.
Bd3 Be5 35. R4f3 Rf6 36. Rxf6 Bxf6 37. c4 b4 38. Rc1 Qc5 39. Rf1 a5 40. Rf3 b3
41. Rg3 Qd4 42. Rxg6+ hxg6 43. Qxg6+ Kf8 44. Bf5 Qd1+ 45. Kh2 Be5+ 46. g3 Qe2+
47. Kh1 Qf1+ 48. Kh2 Qf2+ 49. Kh1 Qxg3 0-1

[Event "28th WSCC2018 - Open 65+"]
[Site "Bled"]
[Date "2018.11.22"]
[Round "5.79"]
[White "Barzilay, Marianne"]
[Black "Kerr, Grant"]
[Result "1/2-1/2"]
[WhiteElo "1493"]
[BlackElo "1850"]
[PlyCount "79"]
[EventDate "2018.11.18"]

1. e4 c5 2. Nf3 d6 3. d4 cxd4 4. Nxd4 Nf6 5. Nc3 a6 6. Be2 e5 7. Nb3 Be6 8. O-O
Nbd7 9. Kh1 Qc7 10. f4 Be7 11. Nd5 Bxd5 12. exd5 O-O 13. Be3 Rac8 14. Rc1 exf4
15. Rxf4 Ne5 16. c4 Nfd7 17. Rf2 Rfe8 18. Nd4 g6 19. Bh6 Qb6 20. b3 Nc5 21. Rf4
Qd8 22. Qf1 Bg5 23. Bxg5 Qxg5 24. Rc3 Qe7 25. b4 Ncd7 26. Rg3 Rc7 27. Nf5 Qf8
28. Rh4 Nb6 29. h3 Rec8 30. Qf4 Nexc4 31. Nh6+ Kg7 32. Nf5+ Kg8 33. Nh6+ Kg7
34. Nf5+ Kh8 35. Rxh7+ Kxh7 36. Qh4+ Kg8 37. Nh6+ Kg7 38. Nf5+ Kg8 39. Nh6+ Kg7
40. Nf5+ 1/2-1/2

[Event "28th WSCC2018 - Open 65+"]
[Site "Bled"]
[Date "2018.11.22"]
[Round "5.80"]
[White "Tavcar, Rado"]
[Black "Filzmaier, Bruno"]
[Result "1/2-1/2"]
[WhiteElo "1847"]
[BlackElo "1727"]
[PlyCount "58"]
[EventDate "2018.11.18"]

1. d4 e6 2. e3 d5 3. Bd3 b6 4. c3 Bb7 5. Nd2 Nf6 6. f4 c5 7. Qf3 Nbd7 8. Ne2
Be7 9. g4 g6 10. Ng3 h5 11. g5 Nh7 12. h4 Qc7 13. O-O Bd6 14. a4 a6 15. Bc2 c4
16. e4 O-O-O 17. b3 cxb3 18. Bxb3 dxe4 19. Ndxe4 Be7 20. Qe3 Rhe8 21. Bd2 Qc6
22. c4 f5 23. d5 Qc7 24. d6 Bxd6 25. Nxd6+ Qxd6 26. Bc3 Nc5 27. Bc2 Qc6 28. Rf2
a5 29. Re2 Ba6 1/2-1/2

[Event "28th WSCC2018 - Open 65+"]
[Site "Bled"]
[Date "2018.11.22"]
[Round "5.81"]
[White "Sevenyuk, Alexey"]
[Black "Dvorsky, David"]
[Result "1-0"]
[WhiteElo "1839"]
[BlackElo "1345"]
[PlyCount "95"]
[EventDate "2018.11.18"]

1. Nf3 d5 2. b3 Nf6 3. Bb2 e6 4. e3 Bd6 5. Ne5 Nbd7 6. f4 Bxe5 7. fxe5 Ne4 8.
Qg4 Qg5 9. Qxg5 Nxg5 10. d3 f6 11. exf6 gxf6 12. Nd2 Ne5 13. Be2 h5 14. O-O-O
c5 15. Nf3 Ngxf3 16. gxf3 Ke7 17. Rdg1 Bd7 18. Rg7+ Nf7 19. f4 Rag8 20. Rxg8
Rxg8 21. Bxh5 Nh6 22. Ba3 b6 23. d4 Kd6 24. Bf3 Nf5 25. Kd2 Nh4 26. Ke2 Kc6 27.
dxc5 bxc5 28. Bb2 f5 29. c4 Be8 30. Bf6 Nxf3 31. cxd5+ Kxd5 32. Kxf3 Bh5+ 33.
Kf2 Ke4 34. Rc1 Rc8 35. Rc4+ Kd5 36. Ra4 c4 37. bxc4+ Rxc4 38. Rxc4 Kxc4 39.
Kg3 a5 40. Kh4 Bd1 41. Kg5 Kd3 42. Bd4 Ke4 43. h4 e5 44. Bxe5 Kxe3 45. h5 Bxh5
46. Kxh5 a4 47. Kg5 Ke4 48. a3 1-0

[Event "28th WSCC2018 - Open 65+"]
[Site "Bled"]
[Date "2018.11.22"]
[Round "5.82"]
[White "El Gheiadi, I."]
[Black "Bregoszewski, Leon"]
[Result "0-1"]
[WhiteElo "1831"]
[BlackElo "1632"]
[Annotator "uporabnik"]
[PlyCount "68"]
[EventDate "2018.11.18"]

1. e4 c6 2. d4 d5 3. exd5 cxd5 4. Bd3 Nf6 5. Bf4 Nc6 6. c3 a6 7. Nf3 e6 8. O-O
Bd6 9. Ne5 Qc7 10. Re1 Qe7 11. Nd2 O-O 12. Bg3 Qd8 13. f4 Ne7 14. Bh4 Nf5 15.
Bxf5 exf5 16. Qb3 Be7 17. Re2 Qd6 18. Rf1 b5 19. Bxf6 Bxf6 20. Ndf3 Be6 21. Qc2
h6 22. a3 a5 23. Qd2 b4 24. axb4 axb4 25. cxb4 Rfb8 26. Nd3 Bd7 27. Nfe5 Bb5
28. Ree1 Qb6 29. Qe3 Re8 30. Qf2 Bxd3 31. Ra1 Bxf1 32. Rxa8 Rxa8 33. Kxf1 Ra1+
34. Ke2 Ra2 {....} 0-1

[Event "28th WSCC2018 - Open 65+"]
[Site "Bled"]
[Date "2018.11.22"]
[Round "5.83"]
[White "Koskinen, Veikko"]
[Black "Degtiarev, Viktor"]
[Result "1-0"]
[WhiteElo "1978"]
[BlackElo "1676"]
[PlyCount "71"]
[EventDate "2018.11.18"]

1. e4 e5 2. Nf3 Nc6 3. Nc3 Nf6 4. h3 g6 5. Bc4 Bg7 6. d3 d6 7. Bg5 Na5 8. Bb3
Nxb3 9. axb3 O-O 10. Qd2 c6 11. O-O Be6 12. Bh6 Qc7 13. Bxg7 Kxg7 14. Ng5 Bd7
15. f4 Nh5 16. Ne2 h6 17. Nf3 Qb6+ 18. Kh2 exf4 19. Nxf4 Nxf4 20. Qxf4 Qc5 21.
c3 Be6 22. d4 Qb5 23. b4 Rad8 24. Rf2 a6 25. Ra5 Qb6 26. e5 d5 27. Qf6+ Kh7 28.
Ra1 Qc7 29. Raf1 Rde8 30. Nh4 Qd8 31. Nxg6 fxg6 32. Qxd8 Rxd8 33. Rxf8 Rd7 34.
Re8 Bg8 35. Rff8 Bf7 36. e6 1-0

[Event "28th WSCC2018 - Open 65+"]
[Site "Bled"]
[Date "2018.11.22"]
[Round "5.84"]
[White "Shaw, Robin A"]
[Black "Baumgarten, Werner"]
[Result "1-0"]
[WhiteElo "1673"]
[BlackElo "1872"]
[PlyCount "31"]
[EventDate "2018.11.18"]

1. c4 c5 2. Nc3 Nc6 3. g3 e5 4. Bg2 d6 5. d3 f5 6. e4 Nf6 7. Nd5 Nxd5 8. cxd5
Nd4 9. Ne2 Nxe2 10. Qxe2 Qf6 11. f4 exf4 12. Bxf4 Be7 13. e5 dxe5 14. Bxe5 Qg6
15. d6 Bf6 16. Bxf6+ 1-0

[Event "28th WSCC2018 - Open 65+"]
[Site "Bled"]
[Date "2018.11.22"]
[Round "5.85"]
[White "Lee, Wing Kin"]
[Black "Finlay, Ian"]
[Result "0-1"]
[WhiteElo "1156"]
[BlackElo "1808"]
[PlyCount "114"]
[EventDate "2018.11.18"]

1. c4 Nf6 2. g3 g6 3. Nc3 d5 4. cxd5 Nxd5 5. Bg2 Nxc3 6. bxc3 Bg7 7. Rb1 O-O 8.
Nf3 c5 9. e3 Qc7 10. d4 Nc6 11. Ba3 cxd4 12. cxd4 Qa5+ 13. Qd2 Qxa3 14. O-O Rb8
15. Nh4 Bd7 16. Rfc1 Rfc8 17. Nf3 Qd6 18. Rd1 b6 19. e4 Na5 20. e5 Qa3 21. Qb4
Qxb4 22. Rxb4 Rc2 23. a4 Rbc8 24. d5 Rc1 25. Rf1 Bf5 26. Rd4 Nb3 27. Rdd1 Rxd1
28. Rxd1 Rc1 29. Rxc1 Nxc1 30. Kf1 Nd3 31. Nd4 Bxe5 32. Nxf5 gxf5 33. f4 Bc3
34. d6 exd6 35. Bh3 Nc5 36. Bxf5 Nxa4 37. Bc2 Nc5 38. g4 a5 39. Ke2 a4 40. Kd1
a3 41. Bb1 b5 42. Kc2 Bd4 43. Ba2 Kg7 44. h4 b4 45. g5 b3+ 46. Bxb3 Nxb3 47.
Kxb3 Bb2 48. f5 d5 49. h5 d4 50. f6+ Kg8 51. h6 d3 52. g6 fxg6 53. f7+ Kxf7 54.
Ka2 d2 55. Kb1 d1=Q+ 56. Ka2 Qd5+ 57. Kb1 Kf6 0-1